000
00229nam a2200097Ia 4500
005
20251222114357.0
008
251222s1900||||xx |||||||||||||| ||spa||
082
_a
DVD0094/L85
245
0
_a
L'italiano con la pubblicitĂ
942
_c
DVD
999
_c
1492
_d
1492